[Event "Yerevan Mayor Cup KO"]
[Site "Yerevan"]
[Date "2015.12.15"]
[Round "3.2"]
[White "Petrosian, Tigran L"]
[Black "Grigoryan, Karen H"]
[Result "1-0"]
[WhiteElo "2625"]
[BlackElo "2602"]
[PlyCount "119"]
[EventDate "2015.12.15"]
[EventType "k.o. (rapid)"]
[EventRounds "3"]
[EventCountry "ARM"]
[SourceTitle "EXT 2017"]
[Source "ChessBase"]
[SourceDate "2016.10.25"]
[SourceVersion "1"]
[SourceVersionDate "2016.10.25"]
[SourceQuality "1"]

1. Nf3 Nf6 2. g3 d5 3. Bg2 Bf5 4. c4 e6 5. Qb3 Na6 6. d3 Nc5 7. Qc2 c6 8. Be3 Rc8 9. O-O Be7 10. b4 Ncd7 11. a3 $146 ({RR} 11. Nh4 Bg4 12. h3 Bh5 13. g4 Bg6 14. Nxg6 hxg6 15. Qa4 a6 16. Nc3 Bd6 17. Rfc1 Bb8 18. cxd5 exd5 19. Kf1 O-O 20. Qb3 Re8 21. b5 axb5 22. a4 Nf8 23. d4 Qd6 24. axb5 Qh2 25. Na4 Ne6 {Von Bahr,O (2395)-Walinder,L (2293) Sweden 2020 ½-½ (53)}) ({RR} 11. Nh4 Bg4 12. h3 Bh5 13. g4 Bg6 14. Nxg6 hxg6 15. Qa4 a6 16. Nc3 Bd6 17. Rfc1 Bb8 18. cxd5 exd5 19. Kf1 O-O 20. Qb3 Re8 21. b5 axb5 22. a4 Nf8 23. d4 Qd6 24. axb5 Qh2 25. Na4 Ne6 {Von Bahr,O (2395)-Walinder,L (2293) Sweden 2020 ½-½ (53)}) 11... O-O 12. Nbd2 e5 13. Nb3 d4 14. Bd2 b6 15. e3 dxe3 16. Bxe3 c5 17. Rfd1 a5 18. bxa5 bxa5 19. h3 e4 20. Nh4 exd3 21. Qc3 Ne4 22. Qxd3 Bxh4 23. Bxe4 Bxe4 24. Qxe4 Bf6 25. Rab1 Qc7 26. Bf4 Qa7 27. Qf5 Rfd8 28. a4 Bd4 29. Nxd4 cxd4 30. Rb5 Nc5 31. Rxd4 Ne6 32. Rxd8+ Rxd8 33. Rd5 Re8 34. Be3 Qc7 35. Rxa5 Qxc4 36. Ra7 Rf8 37. a5 Nd4 38. Bxd4 Qxd4 39. Rd7 Qc4 40. Qd5 Qxd5 41. Rxd5 Ra8 42. a6 Kf8 43. Ra5 Ke7 44. Kg2 Kd6 45. Kf3 Kc6 46. Kf4 Kb6 47. Ra2 Ka7 48. Rd2 Rf8 49. Rd6 Re8 50. Rd7+ Kxa6 51. Rxf7 Rg8 52. h4 Kb6 53. h5 Kc6 54. Kg5 Kd6 55. h6 gxh6+ 56. Kxh6 Rg4 57. Kxh7 Ke6 58. Rf8 Ke5 59. Kh6 Ke4 60. f3+ 1-0

[Event "EU-ch blitz"]
[Site "Minsk"]
[Date "2015.12.18"]
[Round "16.12"]
[White "Petrosian, Tigran L"]
[Black "Milov, Vadim"]
[Result "1-0"]
[WhiteElo "2625"]
[BlackElo "2615"]
[PlyCount "113"]
[EventDate "2015.12.18"]
[EventType "swiss (blitz)"]
[EventRounds "22"]
[EventCountry "BLR"]
[SourceTitle "EXT 2017"]
[Source "ChessBase"]
[SourceDate "2016.10.25"]
[SourceVersion "1"]
[SourceVersionDate "2016.10.25"]
[SourceQuality "1"]

1. Nf3 d5 2. g3 c6 3. Bg2 Bf5 4. d3 e6 5. Nh4 Bg4 6. h3 Bh5 7. O-O Nd7 ({RR} 7... Be7 8. Nf3 Nd7 9. Qe1 h6 10. e4 dxe4 11. Qxe4 Ngf6 12. Qe2 O-O 13. b3 Re8 14. Bb2 a5 15. a3 Qb6 16. Nbd2 a4 17. b4 Bf8 18. g4 Bg6 19. Nc4 Qc7 20. Nfe5 Nd5 21. f4 Bh7 22. Nxd7 {Gutierrez Olivares,D (2354)-Bobkov,V (2253) chess.com INT 2024 1-0 (38)}) 8. Nd2 $146 ({RR} 8. Qe1 Be7 9. Nf3 Ngf6 10. e4 O-O 11. Nbd2 a5 12. e5 Ne8 13. a4 Nc7 14. b3 c5 15. Bb2 Nb8 16. Nh2 Nc6 17. f4 f5 18. exf6 Bxf6 19. Bxf6 Qxf6 20. Ndf3 Rae8 21. Ne5 Na6 22. g4 Bg6 {Petrosian,T (2611)-Carlsen,M (2851) Chess.com INT 2016 1-0 (63)}) ({RR} 8. Qe1 Be7 9. Nf3 Ngf6 10. e4 O-O 11. Nbd2 a5 12. a4 Nc5 13. b3 dxe4 14. dxe4 Bxf3 15. Bxf3 Qd4 16. Rb1 Qc3 17. Bd1 Rad8 18. e5 Nfe4 19. Nxe4 Qxe1 20. Rxe1 Nxe4 21. Bb2 Nd2 22. Rc1 Rd5 {Petrosian,T (2611)-Carlsen,M (2851) Chess.com INT 2016 0-1 (39)}) 8... Be7 9. Nhf3 Ngf6 10. b3 a5 11. a3 h6 12. Bb2 O-O 13. e4 Qb6 14. Rb1 Rfd8 15. Qe1 Nc5 16. Ne5 Ncd7 17. Nxd7 Rxd7 18. Kh2 dxe4 19. Nc4 Qa6 20. dxe4 Rad8 21. g4 Bg6 22. f4 Bh7 23. Rf2 Bc5 24. Re2 Bd4 25. Qxa5 Bxb2 26. Qxa6 bxa6 27. Rxb2 Rd4 28. c3 Rd3 29. Rbc2 c5 30. Ne5 Rd1 31. f5 Ne8 32. b4 Rc8 33. Red2 Ra1 34. Ra2 Rxa2 35. Rxa2 Nd6 36. a4 f6 37. Nd3 cxb4 38. cxb4 Kf8 39. Nc5 Bg8 40. Rd2 Ke7 41. Nxa6 Rc4 42. Nb8 Bf7 43. a5 Be8 44. a6 Nb5 45. e5 fxe5 46. fxe6 Rxb4 47. Bc6 Na7 48. Bxe8 Kxe8 49. Rd7 Rxb8 50. Rxa7 Rb6 51. Rxg7 Rxa6 52. Rg6 Ke7 53. Rxh6 Ra3 54. g5 e4 55. Rh4 Re3 56. g6 Kxe6 57. Rg4 1-0

[Event "EU-ch blitz"]
[Site "Minsk"]
[Date "2015.12.18"]
[Round "18.10"]
[White "Bocharov, Dmitry"]
[Black "Aleksandrov, Aleksej"]
[Result "1-0"]
[WhiteElo "2558"]
[BlackElo "2615"]
[PlyCount "118"]
[EventDate "2015.12.18"]
[EventType "swiss (blitz)"]
[EventRounds "22"]
[EventCountry "BLR"]
[SourceTitle "EXT 2017"]
[Source "ChessBase"]
[SourceDate "2016.10.25"]
[SourceVersion "1"]
[SourceVersionDate "2016.10.25"]
[SourceQuality "1"]

1. Nf3 Nf6 2. g3 b5 3. Bg2 Bb7 4. O-O e6 5. d3 c5 6. e4 d6 7. Ng5 ({RR} 7. Nc3 b4 8. Ne2 Nbd7 9. Ng5 Qc7 10. f4 Be7 11. h3 O-O 12. g4 Rfc8 13. Be3 a5 14. Ng3 c4 15. Rc1 cxd3 16. cxd3 Qd8 17. f5 Rxc1 18. Bxc1 e5 19. Nf3 d5 20. g5 dxe4 21. Nh2 Nd5 {Grischuk,A (2783)-Leko,P (2730) Beijing 2013 1-0 (46)}) 7... Be7 ({RR} 7... h6 8. Nh3 Qc7 9. f4 Nbd7 10. a3 Be7 11. Nc3 a6 12. g4 g6 13. Bd2 Rc8 14. Qe2 Bc6 15. Rae1 Qb7 16. g5 hxg5 17. fxg5 Nh5 18. Nd5 Bd8 19. Bc3 Ne5 20. b4 cxb4 21. axb4 O-O 22. Ndf4 {Lobanov,S (2506)-Pingin,A (2455) Sochi RUS 2024 0-1 (46)}) 8. f4 Nc6 9. Nc3 $146 ({RR} 9. Nd2 h6 10. Nh3 O-O 11. g4 e5 12. f5 d5 13. exd5 Nxd5 14. Ne4 f6 15. c3 Rb8 16. Nhf2 Kh8 17. h4 c4 18. dxc4 bxc4 19. Qf3 Nf4 20. Bxf4 exf4 21. Qxf4 Ne5 22. Rad1 Qa5 23. g5 Bxe4 {Hillarp Persson,T (2541)-Hjartarson,J (2519) Reykjavik 2022 0-1 (33)}) ({RR} 9. Nd2 h6 10. Nh3 O-O 11. g4 e5 12. f5 d5 13. exd5 Nxd5 14. Ne4 f6 15. c3 Rb8 16. Nhf2 Kh8 17. h4 c4 18. dxc4 bxc4 19. Qf3 Nf4 20. Bxf4 exf4 21. Qxf4 Ne5 22. Rad1 Qa5 23. g5 Bxe4 {Hillarp Persson,T (2541)-Hjartarson,J (2519) Reykjavik 2022 0-1 (33)}) 9... Nd4 10. Ne2 Nxe2+ 11. Qxe2 h6 12. Nh3 Qc7 13. a4 a6 14. g4 Nd7 15. Bd2 b4 16. a5 Bf6 17. c3 bxc3 18. bxc3 Bc6 19. Qf2 Rb8 20. g5 Be7 21. gxh6 gxh6 22. f5 e5 23. Qe2 Rb2 24. Nf2 Bg5 25. Rfd1 Rg8 26. Kh1 Qb7 27. Qe1 Nf6 28. Bxg5 Rxg5 29. Rab1 Kf8 30. Rxb2 Qxb2 31. c4 Qa2 32. Qd2 Qxd2 33. Rxd2 Ke7 34. Rb2 Nd7 35. Bf3 Rg8 36. Ng4 Rh8 37. Kg2 Kd8 38. Kg3 h5 39. Ne3 Kc7 40. Kh4 Nf6 41. Kg5 Nh7+ 42. Kh6 f6 43. Kg7 Ng5 44. Kxh8 Nxf3 45. Kg7 Ne1 46. Rb3 Ba4 47. Ra3 Bc2 48. Nxc2 Nxc2 49. Rc3 Nd4 50. Kxf6 Kd7 51. Rc1 Ne2 52. Rb1 Nf4 53. Rb7+ Kc6 54. Rb6+ Kd7 55. Rxa6 Nxd3 56. Ra7+ Kc6 57. Kg7 Nf2 58. f6 Nxe4 59. f7 Ng5 1-0

[Event "EU-ch blitz"]
[Site "Minsk"]
[Date "2015.12.18"]
[Round "21.11"]
[White "Kovalev, Vladislav"]
[Black "Ponkratov, Pavel"]
[Result "1-0"]
[WhiteElo "2546"]
[BlackElo "2604"]
[PlyCount "97"]
[EventDate "2015.12.18"]
[EventType "swiss (blitz)"]
[EventRounds "22"]
[EventCountry "BLR"]
[SourceTitle "EXT 2017"]
[Source "ChessBase"]
[SourceDate "2016.10.25"]
[SourceVersion "1"]
[SourceVersionDate "2016.10.25"]
[SourceQuality "1"]

1. Nf3 Nf6 2. g3 b6 3. Bg2 Bb7 4. O-O c5 5. d3 d5 6. Nbd2 Nbd7 7. e4 Qc7 8. Re1 dxe4 9. dxe4 O-O-O $146 ({RR} 9... e5 10. b3 g6 11. Bb2 Ba6 12. Bf1 Bxf1 13. Rxf1 Bg7 14. Nc4 O-O 15. Qe2 Rfe8 16. Rad1 Re7 17. a4 Ne8 18. Rd3 a6 19. Ra1 Rb8 20. Ne3 Nef6 21. Nd5 Nxd5 22. Rxd5 b5 23. axb5 axb5 24. Rdd1 {Korning,P (1966)-Storskog,T (1790) Stockholm 2019 1-0 (56)}) ({RR} 9... e5 10. Nh4 g6 11. Nc4 b5 12. Ne3 Bg7 13. c4 a6 14. g4 h6 15. Nd5 Nxd5 16. cxd5 c4 17. Be3 Bf8 18. Bf1 Be7 19. Ng2 Nf6 20. f3 Nd7 21. a4 h5 22. gxh5 Rxh5 23. axb5 axb5 24. Rxa8+ {Pavkov,N (2199)-Rosic,S (2207) Novi Sad SRB 2023 ½-½ (75)}) 10. e5 Ng4 11. e6 fxe6 12. Ng5 Bxg2 13. Nxe6 Qb7 14. Nxd8 Kxd8 15. Qxg4 h5 16. Qe2 h4 17. Ne4 h3 18. Bf4 e5 19. Bg5+ Kc8 20. Rad1 Qc6 21. Qg4 Kc7 22. Rd2 g6 23. Red1 Rh7 24. f3 c4 25. Rxg2 hxg2 26. Kxg2 b5 27. Be3 a6 28. h4 Rf7 29. Nc3 Bc5 30. Nd5+ Kb7 31. Qe4 Bxe3 32. Nxe3 Qxe4 33. fxe4 Nc5 34. Rd5 Nxe4 35. Rxe5 Nd2 36. Re6 Nf3 37. Rxg6 Ne1+ 38. Kh3 Re7 39. Nd5 Re5 40. Rg7+ Kb8 41. Nf4 Nxc2 42. h5 Re1 43. Kg4 Ne3+ 44. Kg5 b4 45. h6 Rh1 46. h7 Rxh7 47. Rxh7 c3 48. bxc3 bxc3 49. Ne2 1-0

[Event "EU-ch blitz"]
[Site "Minsk"]
[Date "2015.12.18"]
[Round "21.18"]
[White "Inarkiev, Ernesto"]
[Black "Mikhalevski, Victor"]
[Result "1-0"]
[WhiteElo "2668"]
[BlackElo "2535"]
[PlyCount "39"]
[EventDate "2015.12.18"]
[EventType "swiss (blitz)"]
[EventRounds "22"]
[EventCountry "BLR"]
[SourceTitle "EXT 2017"]
[Source "ChessBase"]
[SourceDate "2016.10.25"]
[SourceVersion "1"]
[SourceVersionDate "2016.10.25"]
[SourceQuality "1"]

1. Nf3 Nf6 2. b3 g6 3. Bb2 Bg7 4. e4 d6 5. Qe2 e5 ({RR} 5... c5 6. h3 Nc6 7. g3 e5 8. Bg2 O-O 9. O-O Re8 10. Nc3 Nd4 11. Qd1 Bd7 12. d3 Nxf3+ 13. Qxf3 Bc6 14. Rae1 b5 15. Qd1 a6 16. f4 Nh5 17. Ne2 exf4 18. Bxg7 Nxg7 19. Nxf4 Qe7 20. c3 {Reshetnikov,A (2492)-Huzman,A (2567) Moscow 2019 ½-½ (58)}) 6. Nc3 O-O 7. O-O-O ({RR} 7. d4 exd4 8. Nxd4 Re8 9. O-O-O c6 10. Kb1 Qa5 11. f3 Nbd7 12. Qf2 Ne5 13. h3 a6 14. f4 Ned7 15. Bd3 Nc5 16. Rhe1 Nxd3 17. cxd3 c5 18. Nf3 b5 19. e5 Nh5 20. Ne4 Nxf4 21. Nxd6 Re7 {Materia,M (2486)-Antonio,R (2363) chess.com INT 2025 0-1 (58)}) 7... Nc6 $146 ({RR} 7... c5 8. Kb1 Nc6 9. Nd5 Nxd5 10. exd5 Nb4 11. a3 Nxd5 12. g3 Ne7 13. Bg2 Nc6 14. h4 Bg4 15. Bh3 Qd7 16. Bxg4 Qxg4 17. d3 Rfe8 18. h5 Qd7 19. hxg6 hxg6 20. Rh4 f6 21. Rdh1 Kf7 22. Bc1 {Srihari K R (1547)-Anurag,J (1777) Mathura IND 2023 0-1 (53)}) ({RR} 7... c5 8. Kb1 Nc6 9. Nd5 Nxd5 10. exd5 Nb4 11. a3 Nxd5 12. g3 Ne7 13. Bg2 Nc6 14. h4 Bg4 15. Bh3 Qd7 16. Bxg4 Qxg4 17. d3 Rfe8 18. h5 Qd7 19. hxg6 hxg6 20. Rh4 f6 21. Rdh1 Kf7 22. Bc1 {Srihari K R (1547)-Anurag,J (1777) Mathura IND 2023 0-1 (53)}) 8. d4 Nxd4 9. Nxd4 exd4 10. Rxd4 Ng4 11. Rd1 Qg5+ 12. Kb1 Qc5 13. f3 Bxc3 14. fxg4 Bxb2 15. Kxb2 Re8 16. Rd5 Qb4 17. c4 Be6 18. Rb5 Qxb5 19. cxb5 Bd5 20. exd5 1-0

[Event "EU-ch rapid"]
[Site "Minsk"]
[Date "2015.12.19"]
[Round "7"]
[White "Petrosian, Tigran L"]
[Black "Navara, David"]
[Result "1-0"]
[WhiteElo "2625"]
[BlackElo "2730"]
[PlyCount "141"]
[EventDate "2015.12.19"]
[EventType "swiss (rapid)"]
[EventRounds "11"]
[EventCountry "BLR"]
[SourceTitle "EXT 2017"]
[Source "ChessBase"]
[SourceDate "2016.10.25"]
[SourceVersion "1"]
[SourceVersionDate "2016.10.25"]
[SourceQuality "1"]

1. Nf3 d5 2. g3 c6 3. Bg2 Bg4 4. h3 Bh5 5. d3 e6 6. O-O Bd6 7. b3 Ne7 8. Bb2 O-O 9. Nbd2 Nd7 10. Qe1 $146 ({RR} 10. e4 c5 11. Re1 Rc8 12. Qc1 b5 13. Nh4 f6 14. exd5 exd5 15. c4 Ne5 16. Qc2 bxc4 17. bxc4 Bf7 18. Rab1 Qd7 19. Nhf3 N5c6 20. Ba3 Rfd8 21. Kh2 Nb4 22. Qb3 a5 23. cxd5 a4 24. Qd1 Nexd5 {Karjakin,S (2771)-Meier,G (2632) Dubai 2014 0-1 (40)}) ({RR} 10. e4 Qb6 11. g4 Bg6 12. e5 Bc7 13. Qe2 a5 14. a4 h6 15. Kh1 Bh7 16. Nh2 Qa6 17. f4 b5 18. Nhf3 bxa4 19. Rxa4 Qb7 20. Nh4 Rae8 21. f5 Qb8 22. f6 Ng6 23. fxg7 Kxg7 24. Nxg6 Bxg6 {Korba,R (2210)-Mainka,R (2482) Travemuende 2008 0-1 (40)}) 10... a5 11. a3 e5 12. e4 f6 13. d4 Qc7 14. c4 Bxf3 15. Nxf3 dxc4 16. bxc4 exd4 17. Nxd4 Nc5 18. Rd1 Rfe8 19. Qe3 Rad8 20. h4 Be5 21. Bh3 Nc8 22. f4 Bxd4 23. Rxd4 Rxd4 24. Qxd4 Nxe4 25. Re1 Ned6 26. Rxe8+ Nxe8 27. c5 Ne7 28. Be6+ Kf8 29. Qd3 g6 30. h5 Ng7 31. hxg6 hxg6 32. Ba2 Nh5 33. Kf2 Nf5 34. Qc4 Nh6 35. Qe6 Qd8 36. Ke1 Qe7 37. Qxe7+ Kxe7 38. Kf2 Ng7 39. Bc3 Ne6 40. Bxa5 Nxc5 41. Bb4 Kd6 42. Bb1 Ng4+ 43. Kf3 f5 44. Ba2 b6 45. Bf7 g5 46. Bxc5+ bxc5 47. a4 gxf4 48. gxf4 Nf6 49. Bg6 c4 50. Bxf5 Kc5 51. Bc2 Kb4 52. Bd1 c3 53. f5 Kc4 54. Bc2 c5 55. Kf4 Nd5+ 56. Ke4 Nf6+ 57. Ke5 Ng4+ 58. Ke4 Kb4 59. Kf4 Nf6 60. Kg5 Nd7 61. f6 c4 62. f7 Kc5 63. Bf5 Nf8 64. Kf6 Kd6 65. a5 c2 66. Bxc2 Nd7+ 67. Kg7 Kc7 68. Bf5 c3 69. Bxd7 c2 70. f8=Q c1=Q 71. Qc8+ 1-0

[Event "EU-ch rapid"]
[Site "Minsk"]
[Date "2015.12.20"]
[Round "8"]
[White "Riazantsev, Alexander"]
[Black "Kulaots, Kaido"]
[Result "1-0"]
[WhiteElo "2646"]
[BlackElo "2574"]
[PlyCount "51"]
[EventDate "2015.12.19"]
[EventType "swiss (rapid)"]
[EventRounds "11"]
[EventCountry "BLR"]
[SourceTitle "EXT 2017"]
[Source "ChessBase"]
[SourceDate "2016.10.25"]
[SourceVersion "1"]
[SourceVersionDate "2016.10.25"]
[SourceQuality "1"]

1. Nf3 d5 2. e3 g6 3. c4 e6 ({RR} 3... c6 4. cxd5 cxd5 5. Qa4+ Nc6 6. Ne5 Bd7 7. Nxd7 Qxd7 8. d4 e6 9. Nd2 Bd6 10. Nf3 Nf6 11. Be2 O-O 12. O-O Ne4 13. Nd2 Nf6 14. a3 a6 15. Bd3 Qe7 16. f4 Rfc8 17. Qd1 Rc7 18. b3 {Nakamura,H (2785)-Topalov,V (2749) Paris 2017 1-0 (38)}) 4. d4 Bg7 5. b4 ({RR} 5. Nc3 Ne7 6. h4 h6 7. Bd3 Nd7 8. e4 dxe4 9. Nxe4 Nf5 10. h5 g5 11. Bc2 g4 12. Nfd2 Nxd4 13. Bb1 f5 14. O-O fxe4 15. Qxg4 O-O 16. Nxe4 Ne5 17. Qd1 Qh4 18. Be3 Ndf3+ 19. gxf3 Nxf3+ {Moorhouse,W (2052)-Teterev,V (2257) chess.com INT 2025 0-1}) 5... Ne7 $146 ({RR} 5... Nf6 6. Nc3 O-O 7. Bb2 Nc6 8. a3 Qe7 9. Be2 dxc4 10. Bxc4 e5 11. d5 e4 12. dxc6 exf3 13. Qxf3 Bg4 14. Qf4 bxc6 15. O-O Rad8 16. Na4 Bf5 17. Qe5 Qxe5 18. Bxe5 Ne4 19. Bxg7 Kxg7 20. Rfc1 {Khismatullin,D (2628)-Artemiev,V (2696) Sochi 2017 0-1 (36)}) 6. Nbd2 b6 7. b5 c5 8. bxc6 Nbxc6 9. Bb2 O-O 10. Be2 Bb7 11. O-O Rc8 12. Qa4 Na5 13. Rfc1 Ba6 14. Ba3 Re8 15. Bf1 dxc4 16. Nxc4 Bxc4 17. Bxc4 Nxc4 18. Rxc4 Rxc4 19. Qxc4 Qd7 20. Bxe7 Qxe7 21. Rc1 e5 22. d5 e4 23. Nd2 Qe5 24. g3 Rd8 25. Nxe4 Rxd5 26. Qxd5 1-0

[Event "Al Ain op 4th"]
[Site "Al Ain"]
[Date "2015.12.29"]
[Round "8"]
[White "Efimenko, Zahar"]
[Black "Lalith, Babu MR"]
[Result "1-0"]
[WhiteElo "2647"]
[BlackElo "2553"]
[PlyCount "100"]
[EventDate "2015.12.23"]
[EventType "swiss"]
[EventRounds "9"]
[EventCountry "UAE"]
[SourceTitle "CBM 170 Extra"]
[Source "ChessBase"]
[SourceDate "2016.02.25"]
[SourceVersion "1"]
[SourceVersionDate "2016.02.25"]
[SourceQuality "1"]

1. Nf3 Nf6 2. g3 d5 3. Bg2 c6 4. d3 Bg4 5. O-O Nbd7 6. Nbd2 e5 7. e4 Bd6 8. h3 Bh5 9. exd5 cxd5 10. c4 O-O 11. cxd5 Nxd5 12. Qb3 N5b6 13. Ne4 Be7 ({RR} 13... Bxf3 14. Bxf3 Nc5 15. Nxc5 Bxc5 16. Kg2 Qd7 17. a4 Rad8 18. a5 Nd5 19. Bg5 f6 20. Bd2 Kh8 21. Rac1 Bd4 22. Rc2 b6 23. a6 Bc5 24. Qc4 Qd6 25. Rd1 Nb4 26. Bxb4 Bxb4 27. Qc7 Rd7 28. Qxd6 {Efimenko,Z (2648)-Andriasian,Z (2611) Dubai 2014 ½-½ (57)}) 14. a4 Bxf3 $146 ({RR} 14... Kh8 15. a5 f5 16. Neg5 Nc5 17. Qc3 Nd5 18. Qc4 e4 19. dxe4 fxe4 20. Ne5 Bxg5 21. Bxg5 Qxg5 22. Qxd5 Rf5 23. Qxc5 Rxe5 24. Qe3 Qxe3 25. fxe3 Kg8 26. Ra4 Rae8 27. g4 Bf7 28. Rc1 h5 29. Kh2 {Ivanisevic,I (2547)-Kacheishvili,G (2583) Leon 2001 ½-½ (34)}) ({RR} 14... a5 15. Be3 Bb4 16. Rac1 Rc8 17. Rxc8 Nxc8 18. Qd5 Ncb6 19. Qb5 Re8 20. g4 Bg6 21. Rc1 h6 22. Nfd2 Re6 23. Nb3 Qa8 24. Rc7 Qd8 25. Rxb7 Kh7 26. Nxa5 Bxa5 27. Qxa5 Qc8 28. Bxb6 Qc1+ 29. Bf1 {Amin,B (2694)-Yu Yangyi (2735) Biel SUI 2023 ½-½ (44)}) ({RR} 14... a5 15. Be3 Bb4 16. d4 Bg6 17. Nxe5 Nxe5 18. dxe5 Nd7 19. Rfd1 Qe7 20. f4 Rac8 21. Rac1 h5 22. Rxc8 Rxc8 23. Nd6 Bxd6 24. Rxd6 Rc2 25. Qxb7 Bf5 26. Qa8+ Kh7 27. Be4 Nxe5 28. Bxf5+ g6 29. Bxc2 {Javakhadze,Z (2417)-Kozlov,D (2123) chess.com INT 2024 1-0 (33)}) ({RR} 14... a5 15. Be3 Bb4 16. d4 exd4 17. Nxd4 Bg6 18. Nb5 Qe7 19. Bg5 Qe6 20. Qxe6 fxe6 21. Rfd1 Rac8 22. Nec3 Bc5 23. Bf4 Bxf2+ 24. Kxf2 e5 25. Bxb7 Rb8 26. Bd5+ Kh8 27. Be4 exf4 28. Bxg6 fxg3+ 29. Kxg3 {Gasthofer,A (2453)-Beikert,G (2461) Germany 2011 ½-½ (108)}) 15. Bxf3 Kh8 16. a5 f5 17. Nc3 Nc5 18. Qa2 Nbd7 19. Rd1 Rc8 20. d4 e4 21. dxc5 exf3 22. a6 Bxc5 23. Qe6 Re8 24. Qxf5 Qb6 25. Ne4 Qc6 26. Nxc5 Nxc5 27. axb7 Nxb7 28. Be3 Nd6 29. Qd5 Nb5 30. Qxc6 Rxc6 31. Rd7 a6 32. g4 Kg8 33. Kh2 Rc7 34. Rxc7 Nxc7 35. Rd1 Kf7 36. Kg3 Ke6 37. Bf4 Nd5 38. Re1+ Kf7 39. Rxe8 Kxe8 40. Kxf3 Kf7 41. Be5 g6 42. Ke4 Ke6 43. f4 Ne7 44. Kd4 h5 45. Kc5 hxg4 46. hxg4 Nd5 47. g5 Ne3 48. Kb6 Kd5 49. Kxa6 Kc5 50. Kb7 Kd5 1-0

[Event "Zuerich op-A 39th"]
[Site "Zuerich"]
[Date "2015.12.28"]
[Round "4"]
[White "Bauer, Christian"]
[Black "Gonda, Laszlo"]
[Result "1-0"]
[WhiteElo "2624"]
[BlackElo "2544"]
[PlyCount "109"]
[EventDate "2015.12.26"]
[EventType "swiss"]
[EventRounds "7"]
[EventCountry "SUI"]
[SourceTitle "CBM 170 Extra"]
[Source "ChessBase"]
[SourceDate "2016.02.25"]
[SourceVersion "1"]
[SourceVersionDate "2016.02.25"]
[SourceQuality "1"]

1. e4 e5 2. Nf3 Nc6 3. g3 Nf6 4. d3 g6 5. Bg2 Bg7 6. O-O O-O 7. Nc3 d6 8. h3 Ne8 9. Bg5 f6 10. Be3 f5 11. exf5 gxf5 12. Nd5 $146 ({RR} 12. Ng5 Ne7 13. d4 h6 14. dxe5 hxg5 15. Bxg5 c6 16. Nd5 Rf7 17. Nxe7+ Rxe7 18. exd6 Nxd6 19. c3 Qd7 20. Bxe7 Qxe7 21. Re1 Qf6 22. Qb3+ Kh7 23. Rad1 Bd7 24. Qb4 Bf8 25. c4 Rd8 26. c5 Ne4 {Levitan,Y (2270)-Shaked,T (2440) New York 1993 1-0}) 12... Nf6 13. Bg5 Be6 14. Nh4 Qd7 15. c4 Qf7 16. Nc3 Kh8 17. Qd2 Ng8 18. Rae1 Rae8 19. Nd5 Nd4 20. Be3 c6 21. Nc3 Bf6 22. Bxd4 exd4 23. Ne2 Bxh4 24. gxh4 f4 25. Nxd4 Bxh3 26. Bxh3 Qg7+ 27. Kh2 Qxd4 28. Qc3 Qxc3 29. bxc3 Nf6 30. a4 b6 31. Bf5 c5 32. Kg2 f3+ 33. Kg3 Re2 34. Rxe2 fxe2 35. Re1 Nh5+ 36. Kg4 Ng7 37. Be4 Rxf2 38. Bf3 Kg8 39. Kg3 Rf1 40. Rxe2 Kf8 41. Kg2 Rc1 42. Rf2 h6 43. Bh5+ Kg8 44. Bf7+ Kh7 45. Rf6 Rc2+ 46. Kf3 Rc1 47. Bg6+ Kg8 48. Rxd6 Rf1+ 49. Ke4 Kf8 50. Ke5 Ke7 51. Be4 h5 52. Rg6 Ne8 53. Re6+ Kd8 54. Rh6 Ng7 55. Rf6 1-0

[Event "Rilton Cup 45th"]
[Site "Stockholm"]
[Date "2015.12.30"]
[Round "4"]
[White "Krasenkow, Michal"]
[Black "Tikkanen, Hans"]
[Result "1-0"]
[WhiteElo "2610"]
[BlackElo "2515"]
[PlyCount "85"]
[EventDate "2015.12.27"]
[EventType "swiss"]
[EventRounds "9"]
[EventCountry "SWE"]
[SourceTitle "CBM 170 Extra"]
[Source "ChessBase"]
[SourceDate "2016.02.25"]
[SourceVersion "1"]
[SourceVersionDate "2016.02.25"]
[SourceQuality "1"]

1. Nf3 d5 2. c4 d4 3. b4 f6 4. e3 e5 5. Qa4+ ({RR} 5. c5 a5 6. Bc4 dxe3 7. fxe3 axb4 8. d4 Nc6 9. O-O Na5 10. Nxe5 Nxc4 11. Nxc4 Be6 12. Nbd2 Ne7 13. Bb2 Nd5 14. Qf3 b5 15. cxb6 Nxb6 16. Nxb6 cxb6 17. Qc6+ Bd7 18. Qd5 Be7 19. Nc4 b5 {Kramnik,V (2772)-Aronian,L (2786) Moscow 2009 1-0 (33)}) ({RR} 5. c5 a5 6. Bc4 Nh6 7. O-O d3 8. Nxe5 fxe5 9. Qh5+ Kd7 10. Qh3+ Ke8 11. Qh5+ Kd7 12. Qh3+ Ke8 {½-½ (12) Kveinys,A (2537)-Krasenkow,M (2660) Ustron 2007}) 5... Qd7 ({RR} 5... c6 6. Bb2 a5 7. a3 Na6 8. c5 Be6 9. exd4 e4 10. b5 exf3 11. bxa6 Bd5 12. Rg1 b5 13. cxb6 Qxb6 14. Bc3 Rb8 15. gxf3 Bxf3 16. Bd3 Bd6 17. Qxa5 Qb3 18. Be2 Qxb1+ 19. Bd1 Qe4+ 20. Kf1 {Rezvy,L (2265)-Khruschiov,A (2382) Cheliabinsk 2021 0-1 (31)}) 6. Qxd7+ $146 ({RR} 6. Qb3 c5 7. bxc5 Na6 8. exd4 exd4 9. Qb5 Qxb5 10. cxb5 Nb4 11. Nxd4 Bxc5 12. Nb3 Bb6 13. Na3 Be6 14. Bb2 O-O-O 15. Bc3 Nxa2 16. Bc4 Bxc4 17. Nxc4 Nxc3 18. dxc3 Ne7 19. O-O Nf5 20. Rfd1 Rxd1+ {Mkrtchian,L (2436)-Moser,E (2383) Nalchik 2008 ½-½}) 6... Bxd7 7. a3 c5 8. bxc5 Nc6 9. Bb2 Bxc5 10. exd4 Nxd4 11. Nxd4 Bxd4 12. Bxd4 exd4 13. d3 b5 14. Nd2 Ne7 15. cxb5 Bxb5 16. Nb3 Rc8 17. Nxd4 Ba6 18. Be2 Kf7 19. Kd2 Rhd8 20. Nc2 Rc7 21. Rhc1 Rcd7 22. Ne1 Nf5 23. Rab1 Nd6 24. Rc6 Nc4+ 25. Kd1 Rd6 26. Rc7+ Kg6 27. Rxa7 Ne5 28. Rb3 Bxd3 29. Nxd3 Nxd3 30. Rxd3 Rxd3+ 31. Bxd3+ Rxd3+ 32. Kc2 Rd5 33. a4 Rg5 34. g3 Rh5 35. h4 Re5 36. Rd7 h5 37. Kc3 Re1 38. a5 Ra1 39. Kb4 Rb1+ 40. Kc5 Rb2 41. a6 Rxf2 42. a7 Ra2 43. Kb6 1-0